| 000 | 00490nam a2200169Ia 4500 | ||
|---|---|---|---|
| 020 | _a(hb) | ||
| 082 |
_a923.15491 _bBOL _cL-27, P-17 |
||
| 100 |
_aBolitho, Hector. _946389 |
||
| 245 | _aJinnah Creator of Pakistan. | ||
| 260 |
_aLondon: _bJohn Murray, _c1954. |
||
| 300 | _a244p. : ill. | ||
| 526 |
_a0 _b0 _c0 _d923_154910000000000_BOL |
||
| 650 |
_aJinnah, Muhammad Ali,1876-1948. _97100 |
||
| 650 |
_aMCE _9379 |
||
| 650 |
_aStatesmen -- Pakistan -- Biography. _946390 |
||
| 942 |
_2ddc _cBK |
||
| 999 |
_c549736 _d549736 |
||